000 00611nam a2200265Ia 4500
005 20260306164322.0
008 008 260114s9999 xx 000 0 eng d
020 _a9780801469664
037 _aEBOOK
040 _aCRL
040 _beng
040 _cCRL
041 _2eng
041 _aeng
084 _qCRL
100 _aSilvia
_9914477
245 0 _aHolding The Shop Together
260 _bCornell University Press
260 _c2016
650 _aEconomics & Finance
856 _uhttps://academic.oup.com/book/23959
942 _cEBOOK
999 _c1713634
_d1713634